000 00601nam a2200205Ia 4500
003 GCL
008 140319s9999 xx 000 0 ara d
040 _aGCL /
_cGCL
082 0 4 _a896
_bس ف
100 1 _aمحمد مندور
245 1 0 _aفارالاكو /
_cمحمد مندور
700 1 _aادوار الخراط
700 1 _aسيسى، أميل
490 _a
650 0 4 _aالادب الافريقى
650 0 4 _aالقصص الافريقية
650 0 4 _aالادب الافريقى المترجم
650 0 4 _aالقصص الافريقية المترجمة
942 _2ddc
_cBK
999 _c40504
_d40504